[Event "E World Cup"]
[Site "Tbilisi"]
[Date "2017.09.07"]
[Round "11.12"]
[White "Dubov, Daniil"]
[Black "Karjakin, Sergey"]
[Result "1-0"]
[WhiteElo "2666"]
[BlackElo "2780"]
[EventDate "2017.??.??"]
[Annotator "Bojkov,Dejan"]
[PlyCount "61"]
[Beauty "8251613651534"]
[EventType "schev"]
[EventRounds "3"]
[EventCountry "FID"]
[WhiteClock "0:26:38"]
[BlackClock "0:07:54"]

1.c4 Nf6 2.Nc3 e5 3.Nf3 Nc6 4.g3 d5 5.cxd5 Nxd5 6.Bg2 Bc5 {"A very popular line of lately." (Dubov)} 7.O-O O-O 8.d3 ( {Aronian's treatment of the line was cruel:} 8.Nxd5 Qxd5 9.Ng5 Qd8 10.Nxh7 Re8 11.Ng5 Qxg5 12.Bxc6 bxc6 13.d4 {Aronian,L (2799)-Caruana,F (2807) Saint Louis 2017} ) 8...Bb6 9.Nxd5 Qxd5 10.b4 e4 11.Ng5 Qd4 {Obviously this whole sequence of moves was known to both players. Now comes the novelty.} 12.Ba3 $146 {"I do not think that this novelty leads to an advantage if he plays correctly, but at least Black needs to remember a lot of stuff." (Dubov)} ( {Remarkably, both predecessing games were played by Karjakin. Both against Nakamura, less than a month ago:} 12.Be3 Qxb4 13.Nxe4 Bxe3 ( {Black also tried:} 13...Bg4 {although this seems less convincing-} 14.h3 Bh5 15.Rb1 Qe7 16.Qd2 Rad8 17.Nc3 {Nakamura,H (2792)-Karjakin,S (2773) Saint Louis 2017} ) 14.fxe3 Qe7 15.Qd2 Ne5 16.Rac1 c6 {with approximate equality, Nakamura,H (2792)-Karjakin,S (2773) Saint Louis} ) 12...e3 {Correct.} ( {Whereas} 12...exd3 13.b5 Nb4 14.e3 Qc3 15.Bxb4 Qxb4 16.Qxd3 {favors White.} ) 13.b5 exf2+ 14.Kh1 Ne5 {Correct again.} ( 14...Nb4 $2 {puts the knight in precarious situation. White can capitalize on that with:} 15.Qb3 Bc5 16.Nf3 Qd6 17.d4 ) 15.Bxf8 Kxf8 16.a4 a5 {It is essential to keep the dark-squared bishop alive. It should be added that both players played quite comfortably until this moment, practically blitzing their moves.} ( {If} 16...h6 17.a5 hxg5 18.Ra4 Qd6 19.axb6 Qxb6 20.Qc1 {White is clearly better.} ) 17.bxa6 Rxa6 18.a5 Ba7 {The first long thought for Karjakin (25 minutes), and a mistake according to Dubov.} ( 18...Rxa5 $1 {was the right way to play it is what the winner revealed in the after-game interview.} ) ( 18...Bxa5 {is not as convincing instead and White is doing great after} 19.Ra4 Qe3 20.Nxh7+ Kg8 21.Re4 Qd2 22.Qxd2 Bxd2 23.Rxe5 ) 19.Qc1 $1 {"I thought this was clever. I only rememebered that the computer evaluation was better for me. From now on we played on our own". (Dubov) The queen is getting on active position with a tempo.} ( 19.Qb3 {also looks interesting.} ) 19...Qd8 {Solid defense.} ( 19...h6 20.Qxc7 {loses instantly.} ) ( 19...Qd6 {only helps White after} 20.Ne4 ) ( 19...c6 $5 {was the only other option, although White seems better after both:} 20.Nxh7+ ( {Or} 20.Ne4 Ng4 21.Bh3 ( {But not} 21.h3 Ne3 22.Rxf2 Nxg2 23.Kxg2 Qd7 $1 {with counterplay for Black.} ) 21...Qe5 22.Qa3+ c5 ( 22...Kg8 23.Qd6 ) 23.Bxg4 Bxg4 24.Rxf2 ) 20...Kg8 21.Ng5 {The pawn on f2 is unpleasant, but if White manages to consolidate he would be clearly winning.} ) 20.Qf4 {The queen is perfectly placed here.} 20...h6 21.Ne4 Qe7 ( {Worse is} 21...Bd4 22.Rac1 Rxa5 23.Nxf2 {without that pawn Black does not have any play.} ) 22.Nc3 ( 22.Nxf2 $2 {is bad due to} 22...Rf6 $1 ) ( {However} 22.Rac1 $5 {deserves attention with the idea} 22...Rxa5 23.Nxf2 ) 22...g5 $6 {Only this can be labelled as a mistake. The idea is correct, but the timing is not.} ( {Apparently Karjakin disliked the endgame after} 22...c6 23.Ne4 ( {Or} 23.Nd1 Ng4 24.d4 g5 25.Qd2 Qd6 {which is also not that clear.} ) 23...Ng4 24.Bh3 g5 25.Qd6 h5 {but in the game he would get a much worse version of it!} ) 23.Qc1 $1 {With the strong threat Nc3-d5!} 23...Ng4 ( {Even after} 23...c6 {there is} 24.Nd5 $1 ( 24.Ne4 {is not as convincing after} 24...Ng4 25.h3 Ne3 ) 24...Qd6 25.Nb6 $1 {As mentioned earlier, this is Black's key piece and once that it disappears from the board all Black's counterplay is over. For example:} 25...Bxb6 26.axb6 Rxa1 27.Qxa1 Ng4 28.Qh8+ Ke7 29.Qxc8 {and White wins.} ) 24.Nd5 Qxe2 25.Qxc7 Rc6 {Dubov was more worried of the moves that kept the queens on the board as time-trouble was approaching.} ( {Still, the computer analyzes reveals wins for White in both cases. After:} 25...Be6 26.Qxb7 Nxh2 ( {Or} 26...Bxd5 27.Bxd5 Rf6 28.Qxa7 ) 27.Qe7+ Kg7 28.Qf6+ {It is White who mates first:} 28...Kg8 ( 28...Kf8 29.Qh8# ) ( 28...Kh7 29.Be4+ ) 29.Ne7+ Kf8 30.Ng6+ Ke8 31.Qe7# ) ( {And:} 25...Bf5 26.Qxb7 Nxh2 27.Qxa6 Nxf1 28.Qxh6+ {allows White a chance to defend against the checkmate just in time.} ) 26.Qd8+ Qe8 {The endgame is lost according to both players.} ( {However there was no alternative-} 26...Kg7 27.Ne7 Rc2 28.Qg8+ Kf6 29.Nxc8 {leaves Black no pieces.} ) 27.Qxe8+ Kxe8 28.d4 $1 {"The most convincing win" (Dubov)} 28...Kd8 ( {Or the familiar bishop blockade theme after} 28...Bxd4 29.Ra4 Ba7 30.Nb6 ) 29.h3 Nf6 30.Nb6 Rc2 31.Nxc8 {Karjakin resigned due to the lines:} ( 31.Nxc8 Kxc8 ( 31...Rxc8 32.Rxf2 ) 32.Rac1 Rxc1 33.Rxc1+ Kb8 34.Rb1 ) 1-0

[Event "E World Cup"]
[Site "Tbilisi"]
[Date "2017.09.12"]
[Round "26.5"]
[White "Dubov, Daniil"]
[Black "Aronian, Levon"]
[Result "1/2-1/2"]
[WhiteElo "2666"]
[BlackElo "2802"]
[EventDate "2017.??.??"]
[Annotator "Bojkov,Dejan"]
[PlyCount "71"]
[Beauty "6396280053279"]
[EventType "schev"]
[EventRounds "3"]
[EventCountry "FID"]
[WhiteClock "0:15:40"]
[BlackClock "0:23:23"]

1.Nf3 d5 2.g3 Nf6 3.Bg2 e6 4.O-O Be7 5.c4 O-O 6.d4 dxc4 7.Qc2 a6 8.a4 Bd7 9.Bg5 ( 9.Qxc4 Bc6 10.Bf4 Nbd7 11.Nc3 Bd6 12.a5 Bxf4 13.gxf4 Nd5 14.e3 Nxc3 15.Qxc3 Bxf3 16.Bxf3 c6 {Aronian,L (2793)-Kramnik,V (2808) Leuven 2017} ) 9...Bc6 10.Rd1 a5 11.Na3 Na6 12.Nxc4 Nb4 13.Qc1 $146 ( 13.Qb3 Bd5 14.Nfe5 Bxg2 15.Kxg2 c6 16.Bxf6 Bxf6 17.e4 Be7 18.Rac1 Qc7 {Postny,E (2635)-Simonian,T (2425) Yerevan 2014} ) 13...h6 14.Bxf6 Bxf6 15.Nfe5 Bd5 16.Qc3 b6 17.e4 Bb7 18.Ng4 Be7 19.Qb3 Qe8 20.d5 Bc5 21.d6 Qd8 22.e5 Bxg2 23.Kxg2 h5 24.Nge3 cxd6 25.Nxd6 Bxe3 26.Qxe3 Nc2 27.Qf3 Nxa1 28.Qxh5 f6 29.Rxa1 fxe5 30.Qxe5 Qf6 31.Qe3 Rad8 32.Rd1 Qe7 33.Qxb6 Rb8 34.Qc6 Qf6 {Aronian missed an excellent chance here.} ( {Instead of this move} 34...Rxb2 $1 {was precise with the idea} 35.Ne4 ( 35.Rf1 Qf6 36.Ne4 Qf5 {would transpose.} ) 35...Qf7 36.Rf1 Qf5 37.Kg1 Qd5 {The queens will be traded and because of the presence of the a-pawns it should be a win for Black.} ) 35.Rd2 Rxb2 36.Ne8 $1 {Move of the day which was probably missed by Aronian.} ( 36.Ne8 {They agreed to a draw due to the line:} 36...Qe5 37.Rxb2 Qxb2 38.Qxe6+ Rf7 39.Nd6 Qxf2+ 40.Kh3 Qf1+ 41.Kg4 Qf3+ {[Dejan Bojkov]} ) 1/2-1/2

[Event "E World Cup"]
[Site "Tbilisi"]
[Date "2017.09.12"]
[Round "26.7"]
[White "Rodshtein, Maxim"]
[Black "Fedoseev, Vladimir"]
[Result "0-1"]
[WhiteElo "2695"]
[BlackElo "2731"]
[EventDate "2017.??.??"]
[Annotator "Bojkov,Dejan"]
[PlyCount "82"]
[Beauty "7562900546080"]
[EventType "schev"]
[EventRounds "3"]
[EventCountry "FID"]
[WhiteClock "0:31:56"]
[BlackClock "0:44:34"]

1.d4 Nf6 2.c4 e6 3.g3 d5 4.Bg2 Bb4+ 5.Nd2 O-O 6.Nf3 b6 7.O-O Bb7 8.a3 Be7 9.b4 ( 9.cxd5 exd5 10.b4 a5 11.b5 c6 12.bxc6 Nxc6 13.e3 b5 14.Ne5 Bd6 15.Bb2 a4 {Wei,Y (2728)-Yu,Y (2749) Beijing 2017} ) 9...c5 10.bxc5 bxc5 11.Rb1 Qc8 12.Bb2 Nbd7 13.dxc5 Nxc5 14.Qc2 Nfe4 $146 ( 14...Nce4 15.Nxe4 Nxe4 16.Rfc1 dxc4 17.Ne5 Nd6 18.Bxb7 Qxb7 {Lputian,S (2590)-Yudasin,L (2625) Philadelphia 1994} ) 15.Rfc1 f6 16.cxd5 Bxd5 17.Nd4 f5 18.Nxe4 fxe4 19.Qc3 Rf7 20.Qe3 Qd7 21.Ba1 Raf8 22.f4 e5 23.fxe5 Qg4 24.Rf1 h5 25.h3 Qg6 26.Kh2 h4 27.g4 Bg5 28.Qc3 Rxf1 29.Rxf1 Rxf1 30.Bxf1 Qf7 31.Nf5 Ne6 32.Kg1 g6 33.Nd6 Qf4 34.Bg2 Bd8 {In severe time-trouble Rodshtein chose the obvious, but wrong:} 35.Nc4 $2 {Move of the day. The punishment was severe and beautiful:} ( 35.e3 {was mandatory, when the game will most likely end in a draw after} 35...Bb6 36.Kh1 Qf2 37.Qc8+ Nf8 38.Qc1 Bxe3 39.Qf1 Qxf1+ 40.Bxf1 ) 35...e3 $3 36.Bxd5 ( {The alternative is not appealing} 36.Nxe3 Bb6 37.Bxd5 Bxe3+ 38.Kg2 Qf2+ 39.Kh1 Qg1# ) 36...Qf2+ 37.Kh1 Qf1+ 38.Kh2 {So far was easy. Now comes the silent thunder.} 38...Bg5 $3 {The decisive reinforcement of the position. Bg5-f4 mate can be stopped only at the price of a queen.} 39.Bxe6+ Kg7 40.Qxe3 ( {Or} 40.Qd4 Bf4+ 41.Qxf4 Qxf4+ 42.Kg2 Qf2+ 43.Kh1 Qf1+ 44.Kh2 Qxe2+ {and Black mates quickly.} ( 44...Qxa1 {would be more than sufficient too.} ) ) 40...Bxe3 41.Nxe3 Qxa1 {White cannot build a fortress.} ( 41...Qxa1 42.Nc4 Qe1 ) 0-1

[Event "E World Cup"]
[Site "Tbilisi"]
[Date "2017.09.15"]
[Round "32.4"]
[White "Aronian, Levon"]
[Black "Ivanchuk, Vassily"]
[Result "1-0"]
[WhiteElo "2802"]
[BlackElo "2727"]
[EventDate "2017.??.??"]
[Annotator "Bojkov,Dejan"]
[PlyCount "47"]
[Beauty "8247410956295"]
[EventType "schev"]
[EventRounds "3"]
[EventCountry "FID"]
[WhiteClock "0:59:11"]
[BlackClock "0:11:19"]

1.c4 e6 2.g3 d5 3.Bg2 dxc4 4.Qa4+ c6 ( {In the short-after match interview the Armenian GM suggested instead the quick development with} 4...Nd7 {This is how Cheparinov played against him recently:} 5.Qxc4 c5 6.Nf3 Ngf6 7.O-O b6 8.Nd4 Ne5 9.Nc6 Nxc4 10.Nxd8 Nd5 11.Nc3 Kxd8 12.Nxd5 Bb7 13.Nc3 Bxg2 14.Kxg2 Be7 15.Rd1 Bf6 16.d4 Ke7 17.dxc5 Bxc3 18.bxc3 bxc5 19.Kf3 {1/2-1/2 (19) Aronian,L (2785)-Cheparinov,I (2689) Doha 2016} ) 5.Qxc4 b5 6.Qc2 Bb7 7.Nf3 Nd7 8.Nc3 {A handful of games have been played in this line.} ( {The majority of the players choose to castle outright:} 8.O-O Ngf6 9.d3 Be7 10.Nbd2 O-O 11.b3 c5 12.Bb2 Rc8 13.Rac1 Qb6 14.Qb1 Rfd8 15.Qa1 {1/2-1/2 Chatalbashev,B (2561)-Lupulescu,C (2592) Pleven 2010} ) 8...Rc8 ( {White was a bit better after} 8...a6 9.a4 Rc8 10.O-O Ngf6 11.Rd1 Qb6 12.d4 c5 13.axb5 axb5 14.Be3 {Artemiev,V (2671)-Bukavshin,I (2648) Sochi 2015} ) ( {Perhaps Black simply needs to proceed with the development} 8...Ngf6 {as} 9.Nd4 {is not really a threat due to} 9...Qb6 ) 9.O-O a6 {Ivanchuk is consistently preparing the c6-c5 advance, but neglects the kingside development.} ( 9...Ngf6 {was the obvious choice and the line} 10.d4 ( {Black can push that pawn only after} 10.a4 a6 ) 10...c5 $5 11.Nxb5 Qb6 12.Na3 cxd4 {demonstrates how Black may save a tempo on the a7-a6 move.} ) 10.d4 {Ivanchuk sank into deep thought and played the next principled move after fourty-two minute of thought!} 10...c5 {"I think he understood that it does not work, but since his whole set-up was designed for this advance he decided to go for it." (Aronian) The other options lead to comfortable advantage for White:} ( 10...Ngf6 11.Ne5 {"followed by Rf1-d1 and perhaps Bc1-g5" (Aronian)} ) ( {Further preparation will allow White chance to prepare too-} 10...Qb6 11.Ne5 Ngf6 12.Rd1 c5 13.Nxd7 Nxd7 14.d5 $1 {with big advantage.} ) ( 10...Bd6 {invites} 11.Ne4 ) 11.d5 $1 {Naturally, Aronian is happy to open up the game.} 11...exd5 ( {Things will be even easier for White without the black bishop. For example:} 11...Bxd5 12.Nxd5 exd5 13.Rd1 Ngf6 14.e4 dxe4 15.Ne5 Qc7 16.Nxd7 Nxd7 17.Bf4 Qa7 18.Bh3 {and White wins.} ) 12.Nh4 {Surprisingly, all this had been played before. Now Ivanchuk comes with a novelty, but hardly a good one.} 12...Ndf6 $146 ( {The predecessor saw:} 12...Ngf6 13.Bg5 ( {However} 13.Rd1 $1 {would have been stronger with large advantage for White after} 13...Be7 14.Nf5 O-O 15.Nxd5 Nxd5 16.Bxd5 Bxd5 17.Rxd5 ) 13...Qb6 14.e4 d4 15.Nd5 Bxd5 16.exd5 h6 17.Rfe1+ Kd8 {and Black suffering in Nguyen,T (2284)-Gvetadze,S (2411) Ekaterinburg 2007} ) 13.Rd1 g6 ( 13...b4 {would simply force White what he wants to do} 14.Nxd5 Nxd5 15.e4 ) ( {The obvious defense} 13...Ne7 {blocks the kingside and White has big attack after} 14.Bg5 ( 14.Nxd5 $5 ) 14...Qb6 15.Bxf6 Qxf6 16.e4 $1 ( {Or advantage after} 16.Nxd5 Nxd5 17.Bxd5 Bxd5 18.Rxd5 ) ) 14.Nxd5 {Of course. The black king would be exposed.} 14...Nxd5 15.e4 ( {It is better to keep more pieces into the attack, although} 15.Bxd5 Bxd5 16.e4 {is also much better for White.} ) 15...Bg7 16.exd5 Nf6 {Black is one move short to castle.} 17.Qe2+ {Keeps the rook behind the pawn.} ( 17.Re1+ Kf8 18.Be3 {is also big advantage for White.} ) 17...Kf8 ( 17...Qe7 $2 {drops a piece after} 18.Qxe7+ Kxe7 19.d6+ ) 18.a4 {Making use of the fact that the black pieces are unprepared.} 18...b4 ( {Or else the queenside is desperately weak-} 18...bxa4 19.d6 Bxg2 20.Nxg2 ) 19.Be3 {White's play is very straightforward and easy. Simply attack the weaknesses.} 19...Qd6 ( {The pawn is invinsible} 19...Nxd5 20.Bxd5 Bxd5 21.Qxa6 ) ( {If} 19...Kg8 20.d6 ( 20.Rac1 $5 ) 20...Bxg2 21.Nxg2 c4 22.Rac1 {and Black collapses.} ) 20.Rac1 Nd7 ( {The best chance was} 20...Kg8 21.Bf4 ( {Or the immediate} 21.b3 h6 22.Bf4 Qd7 23.Be5 {although White should be close to winning here as well.} ) 21...Qd7 22.b3 ) 21.Nf3 $1 {A strong maneuver to unblock the d-pawn.} 21...h6 22.Nd2 Kg8 23.Ne4 Qf8 24.d6 {Some people were shocked by Ivanchuk's decision to resign here.} ( 24.d6 {However, the discovered attack by the knight cannot be adequatly prevented:} 24...Kh7 ( 24...Ba8 25.Nxc5 ) ( 24...Bxe4 {this saves the pawn only temporary} 25.Bxe4 Kh7 26.b3 a5 27.Qb5 ) 25.Ng5+ hxg5 26.Bxb7 {and White wins in all the lines.} ) 1-0

[Event "E World Cup"]
[Site "Tbilisi"]
[Date "2017.09.16"]
[Round "33.3"]
[White "Ding, Liren"]
[Black "Rapport, Richard"]
[Result "1-0"]
[WhiteElo "2771"]
[BlackElo "2675"]
[EventDate "2017.??.??"]
[Annotator "Bojkov,Dejan"]
[PlyCount "81"]
[Beauty "7631083144714"]
[EventType "schev"]
[EventRounds "3"]
[EventCountry "FID"]
[WhiteClock "0:49:26"]
[BlackClock "0:30:32"]

1.d4 Nf6 2.c4 e6 3.Nf3 b6 {The Queen's Indian was to be expected in this game.} 4.g3 Bb7 5.Bg2 Be7 6.O-O O-O 7.Nc3 Ne4 8.Bd2 Bf6 9.Re1 {"I prepared very well for this game. Up to here was preparation." (Ding)} ( {White can also save the bishop} 9.Be1 d5 10.Qc2 Nxc3 11.Bxc3 Nd7 12.cxd5 exd5 13.b4 c5 14.dxc5 bxc5 15.Bxf6 Qxf6 16.Bh3 {as in Vitiugov,N (2724) -Inarkiev,E (2723) Moscow 2017} ) 9...a6 $146 {"Very strange move" (Ding)} ( {The only predecessor saw:} 9...d5 10.cxd5 exd5 11.Rc1 Nd7 12.Qc2 Re8 13.Bf4 Nxc3 14.bxc3 c5 15.dxc5 Nxc5 {Black could hardly complain here, but we do not know what did Ding prepare in this line Adamski,J (2415)-Kruszynski,W (2285) Polanica Zdroj 1979} ) ( 9...Nxd2 {was the alternative} 10.Qxd2 d6 ) 10.Ne5 ( {"I realized he wants something like"} 10.Qc2 Nxd2 11.Qxd2 d6 {"and decided not to play that slow" (Ding)} ) 10...Nxc3 ( 10...Nd6 {looks too passive after} 11.Bxb7 Nxb7 12.Bf4 ) 11.Bxc3 Bxg2 12.Kxg2 d6 {"After this move, his position is very passive." (Ding)} ( {"Black should have played"} 12...c5 {(Ding)} ) 13.Ng4 Be7 ( 13...Nd7 14.e4 {is better for White.} ) 14.e4 b5 $1 {Rapport is trying to put up a good fight on the light squares. This is the only way to challenge White's center.} ( 14...d5 {is just bad due to} 15.exd5 exd5 16.Qf3 c6 17.cxd5 cxd5 18.Ne3 ) 15.Qe2 bxc4 16.d5 {Making sure that Black will have problems with the c7 pawn.} ( 16.Qxc4 Nd7 {is also good for White, but not as good as in the game.} ) 16...Qc8 {This allows the next powerful move.} ( 16...e5 {is horrible from a positional point of view} 17.Qxc4 ) 17.e5 $1 {Not the first time the Chinese GM carries out a central break} 17...exd5 ( 17...dxe5 {simply loses to} 18.Qxe5 f6 19.Qxe6+ ) ( {Perhaps} 17...Qb7 18.Rad1 Nd7 {was the most tenacious. Although White has} 19.Kg1 $1 {and if} 19...Nc5 20.Nf6+ $1 {with a strong attack.} ) 18.exd6 cxd6 {The only move.} ( {Both players probably saw the amazing line:} 18...Bxd6 19.Qf3 c6 20.Nh6+ $1 Kh8 ( 20...gxh6 21.Qf6 {is inevitable mate.} ) 21.Qf6 $3 gxf6 22.Bxf6# ) 19.Qxe7 {Once again White threatens Ng4-h6+!} 19...d4 ( {If} 19...Qxg4 {then White will first kick away the black queen and only then trap the rook.} 20.f3 ( 20.Qb7 {is not the way to do it after} 20...Nd7 21.f3 Qf5 22.g4 Qc2+ {Black is fine.} ) 20...Qf5 ( 20...Qc8 21.Qg5 f6 22.Qxd5+ {picks up the a8 rook.} ) 21.g4 $1 Qc2+ 22.Re2 Qg6 23.Qb7 ) 20.Qe4 ( 20.Bxd4 {was more accurate with a large advantage for White after} 20...Qxg4 21.Qxd6 Nc6 22.Bc3 $1 {White has the better minor piece and less pawn islands.} ) 20...Qc6 $1 {A nice tactical resource from Rapport. "I missed this move. I thought I am winning instantly. Fortunately, it was still much better for me." (Ding)} ( 20...Nc6 21.Bxd4 {is simply an extra piece for White.} ) 21.Bxd4 ( {White's problem is that after} 21.Qxc6 Nxc6 22.Bd2 f5 {his knight would be trapped.} ) 21...f5 22.Qxc6 Nxc6 23.Ne3 ( 23.Rac1 $5 fxg4 24.Rxc4 {is also a big advantage for White.} ) 23...Nxd4 24.Rad1 {At the end of the day, Rapport regained the piece, but his pawn army makes an ugly impression.} 24...f4 {Best again.} ( {Passive defense cannot save Black.} 24...Nb5 25.Nxc4 Rad8 26.a4 ) ( 24...Nc6 25.Nxc4 d5 26.Rxd5 Nb4 27.Rd7 $1 {should be winning as well for the first player.} ) 25.Rxd4 fxe3 26.Rxe3 Rab8 27.Re2 c3 ( {Or} 27...d5 28.Rxd5 ) 28.bxc3 Rb6 29.Rb4 $1 {White is not only a pawn ahead, but he also has more active rooks and after this move-better pawns. The outcome of game is more or less determined.} 29...Rxb4 ( {Forced as} 29...Rc6 30.Re7 Rf7 31.Rb8+ Rf8 32.Rbb7 {lets the fat piggies in the garden.} ) 30.cxb4 Rb8 31.Rb2 {The rest is easy. Ding activates everything that he has and starts pushing his outside passer.} 31...Kf7 32.Kf3 Ke6 33.Ke4 d5+ 34.Kd3 Kd6 35.a4 Rb7 36.f4 h5 37.b5 axb5 38.axb5 Kc5 39.Rc2+ $1 {A nice final touch.} 39...Kxb5 ( 39...Kb6 {does not help neither} 40.Kd4 Rd7 41.Rc5 ) 40.Kd4 ( {The pawn endgame was also won by force.} 40.Rb2+ Kc6 41.Rxb7 Kxb7 42.Kd4 Kc6 43.f5 Kd6 44.h3 Kc6 45.g4 hxg4 46.hxg4 Kd6 47.g5 Kc6 48.f6 gxf6 49.g6 ) 40...Rf7 41.Kxd5 {Rapport resigned as his king is too far away to help the pawns.} 1-0

[Event "E World Cup"]
[Site "Tbilisi"]
[Date "2017.09.21"]
[Round "38.2"]
[White "So, Wesley"]
[Black "Ding, Liren"]
[Result "1/2-1/2"]
[WhiteElo "2792"]
[BlackElo "2771"]
[EventDate "2017.??.??"]
[Annotator "Bojkov,Dejan"]
[PlyCount "135"]
[Beauty "4746609965600"]
[EventType "schev"]
[EventRounds "3"]
[EventCountry "FID"]
[WhiteClock "0:00:54"]
[BlackClock "0:00:32"]

1.c4 Nf6 2.Nf3 e6 3.g3 d5 4.Bg2 dxc4 5.O-O a6 6.a4 Nc6 7.Qc2 ( 7.Na3 Bxa3 8.bxa3 e5 9.Bb2 Qd6 10.Qc2 Be6 11.Ng5 Bd5 12.e4 Be6 13.Rac1 Rd8 {Ponkratov,P (2607) -Matlakov,M (2694) Tallinn 2016} ) 7...Na5 8.Na3 Qd5 9.Rd1 Bd7 10.d4 Qf5 11.Bd2 $146 ( 11.Qc3 Nd5 12.Qe1 Bb4 13.Bd2 Bxd2 14.Nxd2 Nb6 15.Rdc1 O-O {Kostenko,P (2506)-Lupulescu,C (2660) Dubai 2014} ) 11...Qxc2 12.Nxc2 Nb3 13.Ra2 Bc6 14.Ne5 Bd5 15.Bc3 c5 16.a5 Rc8 17.Ra4 cxd4 18.Nxd4 Nc5 19.Raa1 Nce4 20.Bxe4 Nxe4 21.f3 Nxc3 22.bxc3 f6 23.Ng4 Bc5 24.Kf1 Ke7 25.Rab1 Rhd8 26.e4 Bxd4 27.cxd4 Bc6 28.Rb4 Bb5 29.Ne3 c3+ 30.Kf2 Rc6 31.Nc2 Rdc8 32.Na3 c2 33.Rc1 Bd3 $1 {Black is winning.} 34.Rxb7+ R6c7 35.Rb2 Rc3 36.Ra2 f5 ( 36...g5 $1 {with the idea} 37.Ke1 g4 {was even stronger.} ) 37.e5 g5 ( 37...f4 $5 {at once (Miroshnichenko) was a great winning idea as well:} 38.gxf4 Bf5 {followed by Ke7-f7-g6-h5-h4, etc.} ) 38.Ke1 f4 $1 39.Kd2 Bf5 ( 39...fxg3 40.hxg3 h5 {To create an outside passed pawn would have done the job.} ) 40.gxf4 gxf4 41.Nxc2 R8c4 ( 41...R8c7 $1 {would have deprived So of any counter chances.} 42.Rb2 Rxf3 ) 42.Rb2 $1 {The only chance for counterplay.} 42...Rxf3 $6 43.Rb7+ Ke8 44.Nb4 Rxd4+ 45.Ke2 Re3+ 46.Kf1 ( 46.Kf2 {was also possible with the idea} 46...Rd2+ 47.Kg1 Rxe5 48.Rc8+ Rd8 49.Rxd8+ Kxd8 50.Nc6+ Kc8 51.Rxh7 {when White should survive.} ) 46...Be4 ( 46...Rxe5 $1 {was a better version of the above-mentioned line after} 47.Rc8+ Rd8 48.Rxd8+ Kxd8 49.Nc6+ Kc8 50.Rxh7 Bd3+ 51.Kf2 Rc5 ) 47.Rg7 Kf8 48.Ra7 Rd8 49.Nxa6 Bd3+ 50.Kg1 Rxe5 51.Rd1 ( 51.Nc5 $1 {should be fine for White already.} ) 51...Rxa5 52.Nc7 Rxa7 53.Nxe6+ Ke7 54.Nxd8 Bb5 55.Rb1 Bd7 56.Nb7 Ra2 57.Nc5 Bc6 58.Nd3 Rg2+ 59.Kf1 f3 60.Rb6 Bd5 61.Rb4 Rxh2 62.Ne1 Ke6 63.Rf4 Rh1+ 64.Kf2 Rh2+ 65.Kg3 Re2 66.Nxf3 Re3 67.Kf2 Rxf3+ 68.Rxf3 {[Dejan Bojkov]} 1/2-1/2